Diseño, construcción y experimentación de una turbina hidráulica de flujo axial
Spremljeno u:
| Glavni autor: | |
|---|---|
| Format: | Knjiga |
| Izdano: |
San José, Costa Rica
1988
|
| Teme: | |
| Oznake: |
Dodaj oznaku
Bez oznaka, Budi prvi tko označuje ovaj zapis!
|
MARC
| LEADER | 00000nam a2200000Ia 4500 | ||
|---|---|---|---|
| 003 | 005263 | ||
| 005 | 20221231144326.0 | ||
| 008 | 140114s1988 c a m 000 ||s d | ||
| 040 | |c cru CEDI | ||
| 090 | |a TFG 2507 | ||
| 100 | |a Bogarin Navarro, Edgar Emilio |9 12624 | ||
| 245 | |a Diseño, construcción y experimentación de una turbina hidráulica de flujo axial | ||
| 260 | |c 1988 |a San José, Costa Rica | ||
| 300 | |a xiv, 235, [24] hojas : ilustraciones (algunas a color, plegables) ; 28 cm | ||
| 500 | |a Proyecto de graduación (licenciatura en ingeniería mecánica)--Universidad de Costa Rica. Facultad de Ingeniería. Escuela de Ingeniería Mecánica | ||
| 650 | |x TURBINAS HIDRAULICAS - DISEÑO Y CONSTRUCCION |9 12625 | ||
| 942 | |c TFG |2 ddc | ||
| 999 | |c 20189 |d 20189 | ||
